[Event "Silkway Cup"]
[Site "T#646345FIDE"]
[Date "2020.05.26"]
[Round "6"]
[White "Durarbeyli Vasif"]
[Black "Kranke07"]
[Result "0-1"]
[WhiteElo "2769"]
[BlackElo "1895"]
[Annotator "NA"]
[PlyCount "84"]
[EventDate "2020.05.26"]
[EventType "swiss (blitz)"]

1. e4 {[%emt 0:00:01]} Nf6 {[%emt 0:00:01]} 2. e5 {[%emt 0:00:02]} Nd5 {[%emt 0:00:02]} 3. d4 {[%emt 0:00:01]} d6 {[%emt 0:00:02]} 4. Nf3 {[%emt 0:00:00]} Nb6 {[%emt 0:00:01]} 5. a4 {[%emt 0:00:04]} a5 {[%emt 0:00:05]} 6. exd6 {[%emt 0:00:09]} cxd6 {[%emt 0:00:00]} 7. Bb5+ {[%emt 0:00:02]} Bd7 {[%emt 0:00:04]} 8. O-O {[%emt 0:00:06]} Bxb5 {[%emt 0:00:12]} 9. axb5 {[%emt 0:00:03]} e6 {[%emt 0:00:01]} 10. Re1 {[%emt 0:00:47]} Be7 {[%emt 0:00:03]} 11. Bd2 {[%emt 0:00:13]} a4 {[%emt 0:00:18]} 12. b3 {[%emt 0:00:07]} d5 {[%emt 0:00:10]} 13. Ne5 {[%emt 0:00:07]} N8d7 {[%emt 0:00:14]} 14. c4 {[%emt 0:00:46]} Nxe5 {[%emt 0:00:05]} 15. dxe5 {[%emt 0:00:07]} a3 {[%emt 0:00:31]} 16. Qg4 {[%emt 0:00:15]} g6 {[%emt 0:00:10]} 17. Be3 {[%emt 0:00:04]} h5 {[%emt 0:00:06]} 18. Qe2 {[%emt 0:00:03]} O-O {[%emt 0:00:08]} 19. c5 {[%emt 0:00:14]} Nd7 {[%emt 0:00:04]} 20. b4 {[%emt 0:00:04]} Ra4 {[%emt 0:00:08]} 21. Nxa3 {[%emt 0:00:18]} Rxb4 {[%emt 0:00:06]} 22. Rec1 {[%emt 0:00:02]} Nxe5 {[%emt 0:00:06]} 23. Bh6 {[%emt 0:00:03]} Re4 {[%emt 0:00:02]} 24. Qd2 {[%emt 0:00:05]} Re8 {[%emt 0:00:02]} 25. f3 {[%emt 0:00:01]} Ra4 {[%emt 0:00:09]} 26. Nc2 {[%emt 0:00:10]} Bxc5+ {[%emt 0:00:03]} 27. Kh1 {[%emt 0:00:01]} Rc4 {[%emt 0:00:35]} 28. h3 {[%emt 0:00:01]} b6 {[%emt 0:00:02]} 29. Ne3 {[%emt 0:00:01]} Rd4 {[%emt 0:00:01]} 30. Qe2 {[%emt 0:00:02]} Nd3 {[%emt 0:00:05]} 31. Rd1 {[%emt 0:00:01]} Nf4 {[%emt 0:00:02]} 32. Qb2 {[%emt 0:00:02]} e5 {[%emt 0:00:08]} 33. Nc2 {[%emt 0:00:02]} Rxd1+ {[%emt 0:00:02]} 34. Rxd1 {[%emt 0:00:00]} Ne2 {[%emt 0:00:04]} 35. Re1 {[%emt 0:00:03]} Ng3+ {[%emt 0:00:03]} 36. Kh2 {[%emt 0:00:00]} Nf5 {[%emt 0:00:00]} 37. Bd2 {[%emt 0:00:02]} e4 {[%emt 0:00:01]} 38. fxe4 {[%emt 0:00:02]} dxe4 {[%emt 0:00:02]} 39. Bc3 {[%emt 0:00:01]} Qc7+ {[%emt 0:00:02]} 40. Kh1 {[%emt 0:00:01]} Ng3+ {[%emt 0:00:03]} 41. Kh2 {[%emt 0:00:00]} Nf1+ {[%emt 0:00:01]} 42. Kh1 {[%emt 0:00:00]} Qh2# {[%emt 0:00:01] (Lag: Av=0.53s, max=2.9s)} 0-1

[Event "Silkway Cup"]
[Site "T#646345FIDE"]
[Date "2020.05.26"]
[Round "6"]
[White "EXpresident"]
[Black "Gaguna"]
[Result "1/2-1/2"]
[WhiteElo "2664"]
[BlackElo "1755"]
[Annotator "RC"]
[PlyCount "83"]
[EventDate "2020.05.26"]
[EventType "swiss (blitz)"]

1. e4 {[%emt 0:00:02]} e5 {[%emt 0:00:01]} 2. Nf3 {[%emt 0:00:01]} Nc6 {[%emt 0:00:02]} 3. Bb5 {[%emt 0:00:01]} a6 {[%emt 0:00:02]} 4. Ba4 {[%emt 0:00:01]} Nf6 {[%emt 0:00:01]} 5. O-O {[%emt 0:00:01]} b5 {[%emt 0:00:01]} 6. Bb3 {[%emt 0:00:01]} Bc5 {[%emt 0:00:01]} 7. Nc3 {[%emt 0:00:02]} O-O {[%emt 0:00:02]} 8. d3 {[%emt 0:00:06]} h6 {[%emt 0:00:04]} 9. Nd5 {[%emt 0:00:03]} d6 {[%emt 0:00:01]} 10. Nxf6+ {[%emt 0:00:04]} Qxf6 {[%emt 0:00:02]} 11. Bd5 {[%emt 0:00:00]} Bb7 {[%emt 0:00:04]} 12. c3 {[%emt 0:00:03]} Rab8 {[%emt 0:00:04]} 13. b4 {[%emt 0:00:06]} Bb6 {[%emt 0:00:02]} 14. a4 {[%emt 0:00:01]} Ne7 {[%emt 0:00:04]} 15. Bxb7 {[%emt 0:00:05]} Rxb7 {[%emt 0:00:01]} 16. axb5 {[%emt 0:00:00]} axb5 {[%emt 0:00:01]} 17. Re1 {[%emt 0:00:00]} Ng6 {[%emt 0:00:03]} 18. Be3 {[%emt 0:00:05]} Nf4 {[%emt 0:00:08]} 19. d4 {[%emt 0:00:08]} Rbb8 {[%emt 0:00:13]} 20. Qd2 {[%emt 0:00:15]} Ng6 {[%emt 0:00:12]} 21. Ra6 {[%emt 0:00:09]} Ra8 {[%emt 0:00:02]} 22. Rea1 {[%emt 0:00:08]} Rxa6 {[%emt 0:00:02]} 23. Rxa6 {[%emt 0:00:00]} Qe7 {[%emt 0:00:10]} 24. Qd3 {[%emt 0:00:38]} Re8 {[%emt 0:00:30]} 25. d5 {[%emt 0:00:07]} Nf4 {[%emt 0:00:17]} 26. Qxb5 {[%emt 0:00:05]} Bxe3 {[%emt 0:00:21]} 27. fxe3 {[%emt 0:00:00]} Ng6 {[%emt 0:00:03]} 28. Ra7 {[%emt 0:00:01]} Rc8 {[%emt 0:00:10]} 29. c4 {[%emt 0:00:01]} Nh4 {[%emt 0:00:03]} 30. Qb7 {[%emt 0:00:18]} Nxf3+ {[%emt 0:00:05]} 31. gxf3 {[%emt 0:00:00]} Qg5+ {[%emt 0:00:06]} 32. Kf2 {[%emt 0:00:46]} Qh4+ {[%emt 0:00:03]} 33. Kg2 {[%emt 0:00:01]} Qg5+ {[%emt 0:00:02]} 34. Kf2 {[%emt 0:00:01]} Qh4+ {[%emt 0:00:01]} 35. Ke2 {[%emt 0:00:01]} Qxh2+ {[%emt 0:00:07]} 36. Kd3 {[%emt 0:00:00]} Rf8 {[%emt 0:00:01]} 37. Qxc7 {[%emt 0:00:16]} Qb2 {[%emt 0:00:04]} 38. b5 {[%emt 0:00:12]} Qb3+ {[%emt 0:00:05]} 39. Kd2 {[%emt 0:00:01]} Qb2+ {[%emt 0:00:03]} 40. Kd3 {[%emt 0:00:01]} Qb3+ {[%emt 0:00:06]} 41. Kd2 {[%emt 0:00:01]} Qb2+ {[%emt 0:00:07]} 42. Kd3 {[%emt 0:00:01] (Lag: Av=0.91s, max=1.5s)} 1/2-1/2

[Event "Silkway Cup"]
[Site "T#646345FIDE"]
[Date "2020.05.26"]
[Round "6"]
[White "AbasovN"]
[Black "SuleymanliAydin1"]
[Result "1-0"]
[WhiteElo "2614"]
[BlackElo "2063"]
[Annotator "TA"]
[PlyCount "171"]
[EventDate "2020.05.26"]
[EventType "swiss (blitz)"]

{[%evp 15,171,0,0,0,0,0,0,-2,0,0,0,0,0,-18,-18,-46,-19,-25,-16,-22,-19,-68,-36,-81,-35,-26,-36,-52,-22,-27,-22,-29,-29,-42,-27,-40,-22,-37,-29,-45,-18,-21,-17,-17,-17,-21,0,-14,17,-14,-14,-14,0,-14,0,-8,0,-22,39,17,280,272,356,364,370,321,403,395,545,545,545,545,545,539,525,525,525,514,716,716,733,716,716,716,716,689,714,706,795,795,795,795,784,779,773,749,745,737,727,723,665,0,924,889,726,584,488,0,458,448,433,437,420,415,389,406,526,524,504,502,539,535,517,472,472,471,661,645,645,610,423,423,29979,545,1237,1222,998,850,509,502,29952,29940,12079,1626,8108,6512,29981,29971,29976,29979,29980,29981,29980,29981,29981,29982,29977,29963]} 1. Nf3 d5 2. e3 Nf6 3. b3 Bf5 4. Bb2 e6 5. Be2 Nbd7 6. c4 c6 7. O-O h6 8. d4 Bd6 9. Nc3 {[%cal Bb1c3,Bc3e2,Be2g3][%mdl 32] A06: Réti Opening: 1 Nf3 d5.} O-O 10. Re1 Ne4 11. Bd3 {The position is equal.} Bh7 {[#]} 12. Qc2 $146 {[%cal Rc3e4]} ({Predecessor:} 12. Bxe4 dxe4 13. Nd2 f5 14. Nf1 Qh4 15. Ne2 g5 16. d5 exd5 17. cxd5 c5 18. b4 f4 19. bxc5 fxe3 20. f4 exf3 {0-1 (20) Binder,T (2247)-Bohn,U (2167) Budapest 2017}) 12... f5 13. Ne2 Qf6 14. Ng3 g5 15. Nd2 Bg6 16. Ndf1 h5 17. f3 Nxg3 18. hxg3 g4 19. f4 Qe7 20. c5 Bc7 21. b4 Nf6 22. Bc3 Ne4 23. Bxe4 fxe4 24. Reb1 Be8 25. a4 a6 26. Be1 Bd7 27. Nd2 Ra7 28. Rb2 Rb8 29. Nb1 Rba8 30. Nc3 Bd8 31. Rab1 Be8 32. b5 axb5 33. axb5 Ra3 34. bxc6 Bxc6 35. Bf2 R8a5 36. Nb5 R3a4 (36... Rxb5 $11 37. Rxb5 Bxb5 38. Rxb5 Ra1+ 39. Rb1 Rxb1+ 40. Qxb1 Qc7) 37. Nd6 $36 {[%cal Rd6b7][%mdl 2048] White has good play.} Ra7 $2 {[%mdl 8192] Black is now going downhill.} (37... Bc7 $11) 38. Nc8 $1 $18 {[%csl LRa7,LRe7][%mdl 64] [#] Double Attack} Qc7 39. Nxa7 Rxa7 40. Be1 Qc8 41. Ra2 Qa8 42. Rba1 Rxa2 43. Qxa2 Qxa2 44. Rxa2 {[%mdl 4096] Endgame KRB-KB} Kf7 45. Ra8 Bf6 46. Ba5 Be7 47. Bd8 Bf8 48. Kf2 Bg7 49. Bc7 Bf6 50. Bd6 Kg6 51. Rc8 Bb5 52. Rc7 Bc6 53. Be7 Bg7 54. Ke2 Bh6 55. Kd2 Bg7 56. Kc3 Bh6 57. Kb4 Bg7 58. Ka5 $2 (58. Bd8 $18) 58... Kf5 $2 {[%mdl 8192]} (58... Bxd4 $11 59. Kb6 (59. exd4 $2 e3 $19) 59... Bxe3 60. Rxb7 Bxb7 61. Kxb7 Bd2) 59. Kb6 Bxd4 60. exd4 e3 {[#] aiming for ...e2.} 61. Bg5 $2 ({Better is} 61. Bd8 $18) 61... Be8 $2 {[%mdl 8192]} (61... e2 $11 {and Black is okay.} 62. Rf7+ Ke4) 62. c6 bxc6 {Strongly threatening ...e2.} 63. Ra7 e2 64. Ra1 {And now Re1 would win.} Ke4 65. Kc5 Bg6 66. f5 Bxf5 67. Bd2 Kd3 68. Be1 Be4 69. Bf2 Bxg2 70. Kxc6 Be4 (70... Ke4 $142 71. Ra3 Kf5) 71. Kd6 Bf5 72. Ke5 Kd2 73. Be1+ Kd3 (73... Kc2 $18 74. Kf4 Kd3) 74. Ra3+ (74. Rc1 $142 Ke3 75. Rc3+ Bd3 76. Ra3 Kf3 77. Rxd3+ Kg2 78. Kxe6 Kf1 79. Bd2) 74... Kc2 75. Re3 Kd1 76. Ba5 Be4 77. Kxe6 Bf3 (77... Bg2 $18 78. Kf5 Bh3) 78. Ke5 Kc2 79. Kf4 Kd1 80. Re5 Be4 81. Rxh5 {White mates.} e1=Q 82. Bxe1 Kxe1 83. Kxg4 Ke2 84. Kf4 Kd3 85. Ke5 Ke3 86. g4 {Accuracy: White = 88%, Black = 53%.} 1-0

[Event "Silkway Cup"]
[Site "T#646345FIDE"]
[Date "2020.05.26"]
[Round "6"]
[White "Massapi"]
[Black "Oligarkh"]
[Result "0-1"]
[WhiteElo "2575"]
[BlackElo "2494"]
[Annotator "RC"]
[PlyCount "118"]
[EventDate "2020.05.26"]
[EventType "swiss (blitz)"]

1. d4 {[%emt 0:00:02]} Nf6 {[%emt 0:00:02]} 2. c4 {[%emt 0:00:01]} e6 {[%emt 0:00:01]} 3. Nf3 {[%emt 0:00:01]} Bb4+ {[%emt 0:00:01]} 4. Nbd2 {[%emt 0:00:02]} O-O {[%emt 0:00:04]} 5. a3 {[%emt 0:00:01]} Be7 {[%emt 0:00:01]} 6. e4 {[%emt 0:00:01]} d6 {[%emt 0:00:01]} 7. Be2 {[%emt 0:00:31]} Nbd7 {[%emt 0:00:03]} 8. Qc2 {[%emt 0:00:02]} e5 {[%emt 0:00:01]} 9. Nb1 {[%emt 0:00:04]} a5 {[%emt 0:00:15]} 10. Nc3 {[%emt 0:00:19]} a4 {[%emt 0:00:05]} 11. O-O {[%emt 0:00:04]} exd4 {[%emt 0:00:01]} 12. Nxd4 {[%emt 0:00:01]} Nc5 {[%emt 0:00:00]} 13. f3 {[%emt 0:00:08]} c6 {[%emt 0:00:01]} 14. Be3 {[%emt 0:00:03]} g6 {[%emt 0:00:05]} 15. Rad1 {[%emt 0:00:04]} Nfd7 {[%emt 0:00:01]} 16. f4 {[%emt 0:00:09]} Re8 {[%emt 0:00:02]} 17. Bf3 {[%emt 0:00:18]} Qc7 {[%emt 0:00:12]} 18. Rfe1 {[%emt 0:00:12]} Bh4 {[%emt 0:00:02]} 19. g3 {[%emt 0:00:02]} Be7 {[%emt 0:00:01]} 20. Bg2 {[%emt 0:00:06]} Bf8 {[%emt 0:00:01]} 21. Bf2 {[%emt 0:00:01]} Nb6 {[%emt 0:00:03]} 22. Na2 {[%emt 0:00:02]} Bg4 {[%emt 0:00:02]} 23. Rd2 {[%emt 0:00:05]} Bg7 {[%emt 0:00:01]} 24. h3 {[%emt 0:00:04]} Bd7 {[%emt 0:00:04]} 25. g4 {[%emt 0:00:07]} Rad8 {[%emt 0:00:09]} 26. Bh4 {[%emt 0:00:24]} Ra8 {[%emt 0:00:12]} 27. f5 {[%emt 0:00:07]} Be5 {[%emt 0:00:15]} 28. Nf3 {[%emt 0:00:02]} Bf4 {[%emt 0:00:04]} 29. Rdd1 {[%emt 0:00:02]} Bc8 {[%emt 0:00:11]} 30. Bg5 {[%emt 0:00:15]} Bxg5 {[%emt 0:00:02]} 31. Nxg5 {[%emt 0:00:01]} Nbd7 {[%emt 0:00:04]} 32. Nb4 {[%emt 0:00:17]} Ne5 {[%emt 0:00:01]} 33. Nf3 {[%emt 0:00:01]} Qe7 {[%emt 0:00:06]} 34. Qc3 {[%emt 0:00:04]} g5 {[%emt 0:00:07]} 35. Nxe5 {[%emt 0:00:03]} dxe5 {[%emt 0:00:03]} 36. Nd3 {[%emt 0:00:14]} Nb3 {[%emt 0:00:01]} 37. c5 {[%emt 0:00:06]} f6 {[%emt 0:00:01]} 38. Bf1 {[%emt 0:00:01]} Nd4 {[%emt 0:00:02]} 39. Nf2 {[%emt 0:00:02]} Kg7 {[%emt 0:00:02]} 40. h4 {[%emt 0:00:01]} h6 {[%emt 0:00:03]} 41. Re3 {[%emt 0:00:02]} Bd7 {[%emt 0:00:04]} 42. Rh3 {[%emt 0:00:01]} Rad8 {[%emt 0:00:02]} 43. Kg2 {[%emt 0:00:01]} Bc8 {[%emt 0:00:01]} 44. Bd3 {[%emt 0:00:03]} Rh8 {[%emt 0:00:02]} 45. Rdh1 {[%emt 0:00:02]} Nb3 {[%emt 0:00:03]} 46. Bc4 {[%emt 0:00:05]} Nxc5 {[%emt 0:00:02]} 47. hxg5 {[%emt 0:00:03]} hxg5 {[%emt 0:00:02]} 48. Rh5 {[%emt 0:00:01]} Rxh5 {[%emt 0:00:05]} 49. Rxh5 {[%emt 0:00:00]} Rh8 {[%emt 0:00:10]} 50. Qh3 {[%emt 0:00:01]} Qd8 {[%emt 0:00:03]} 51. Rxh8 {[%emt 0:00:04]} Qxh8 {[%emt 0:00:01]} 52. Qe3 {[%emt 0:00:00]} b6 {[%emt 0:00:01]} 53. Nh1 {[%emt 0:00:07]} Qh4 {[%emt 0:00:02]} 54. Qf3 {[%emt 0:00:01]} Qe1 {[%emt 0:00:02]} 55. Ng3 {[%emt 0:00:01]} Qd2+ {[%emt 0:00:02]} 56. Kh3 {[%emt 0:00:01]} Kf8 {[%emt 0:00:04]} 57. Nh5 {[%emt 0:00:01]} Ke7 {[%emt 0:00:01]} 58. Be6 {[%emt 0:00:04]} Ba6 {[%emt 0:00:04]} 59. Ng3 {[%emt 0:00:07]} Nd3 {[%emt 0:00:02] Time (Lag: Av=0.77s, max=1.4s)} 0-1

[Event "Silkway Cup"]
[Site "T#646345FIDE"]
[Date "2020.05.26"]
[Round "6"]
[White "muradli mahammad"]
[Black "Shak"]
[Result "0-1"]
[WhiteElo "2535"]
[BlackElo "1883"]
[Annotator "TA"]
[PlyCount "118"]
[EventDate "2020.05.26"]
[EventType "swiss (blitz)"]

{[%evp 9,118,31,36,29,37,16,25,20,35,29,47,17,23,25,28,6,5,-3,-8,-26,-19,-31,-18,-15,-4,-17,-14,-18,-13,-12,-10,-9,-6,-6,0,-6,-6,-23,0,-1,0,-12,10,10,10,6,31,37,37,28,37,5,2,2,2,3,45,47,45,21,21,21,21,12,21,0,8,8,8,-9,0,-11,182,177,242,210,158,0,0,-177,-177,-2422,-2408,-2291,-2064,-1625,-1370,-2020,-1946,-1641,-875,-2439,-2208,-1789,-1764,-1484,-1359,-29980,-29977,-29977,-29978,-29977,-29963,-29955,-5210,-29972,-29973,-29974,-6498,-2330,-1725]} 1. d4 d5 2. c4 c5 3. cxd5 Qxd5 4. Nf3 cxd4 5. Nc3 Qa5 6. Nxd4 {D06: Queen's Gambit: Symmetrical and Baltic Defences.} Nf6 7. g3 e5 8. Nb3 {White has an edge.} Qc7 9. Bg2 Bb4 10. Bd2 O-O 11. Rc1 {And now Nd5 would win.} Nc6 12. O-O Rd8 13. Qe1 Qe7 {[#]} 14. Bg5 $146 ({Predecessor:} 14. a3 Be6 15. axb4 Bxb3 16. Bg5 h6 17. Bxf6 Qxf6 18. b5 Nd4 19. Bxb7 Rab8 20. Be4 Qb6 21. e3 Nxb5 22. Nxb5 {½-½ (22) Gilevich,A (2448)-Lumachi,G (2286) Cattolica 2019}) 14... Be6 15. a3 Bxa3 16. bxa3 {Strongly threatening Rb1.} Bxb3 17. Ne4 Bd5 18. e3 Rac8 19. Qe2 Bxe4 20. Bxe4 h6 21. Bxf6 $1 Qxf6 22. Qb5 Rc7 23. Rfd1 Rdc8 24. Rd2 Qe7 25. a4 Nd4 26. Rxc7 Qxc7 27. Qxb7 Qxb7 28. Bxb7 $11 {[%mdl 4096] Endgame KRB-KRN} Rc1+ 29. Kg2 Ne6 30. Rd7 (30. Bd5 {keeps more tension.} Ra1 31. Bb3 Ra3 32. Rb2 a6 33. Bc2) 30... Rc7 31. Rxc7 Nxc7 {KB-KN} 32. Kf3 f6 33. Ke4 Kf7 34. Kd3 Ke6 35. Kc4 Kd6 36. h4 g5 37. h5 f5 38. Bc8 f4 $1 39. e4 Kc6 40. Bf5 Kb6 $2 (40... a5 $11 {and Black is okay.}) 41. Bd7 $1 $18 a6 (41... f3 $142 42. Bf5 Kc6) 42. gxf4 gxf4 {[#]} 43. f3 $2 (43. a5+ $1 $16 Kxa5 44. Kc5) 43... a5 $11 44. Bf5 $2 {Black converts the advantage convincingly.} (44. Bb5 $1 $11 Nxb5 45. axb5) 44... Kc6 $19 45. Bg4 $2 {[#]} (45. Kc3) 45... Na8 $1 {[%cal Ra8b6]} 46. Be6 Nb6+ 47. Kb3 Kc5 48. Bg4 Kd4 49. Bf5 Nc4 {Threatens to win with ...Nd2+.} 50. Bg4 Nd2+ 51. Kc2 Ke3 52. Kc3 Nxf3 53. Bf5 Nd4 54. Bh3 f3 55. Kc4 f2 56. Kd5 Nf3 57. Kc5 Nh2 58. Kb5 Kf4 59. Kxa5 Kg3 {Accuracy: White = 72%, Black = 84%.} 0-1

[Event "Silkway Cup"]
[Site "T#646345FIDE"]
[Date "2020.05.26"]
[Round "6"]
[White "GadimbayliA"]
[Black "Ahmadzada"]
[Result "1-0"]
[WhiteElo "2496"]
[BlackElo "1977"]
[Annotator "TA"]
[PlyCount "175"]
[EventDate "2020.05.26"]
[EventType "swiss (blitz)"]

{[%evp 22,175,8,3,20,-16,-8,-5,-13,-37,0,0,12,-7,0,-5,31,30,48,42,42,42,42,42,71,71,71,71,73,72,77,70,81,81,83,64,77,77,83,83,83,0,75,75,75,67,75,0,70,68,69,69,99,98,99,99,106,98,100,81,81,81,81,46,81,81,81,73,72,72,81,81,81,81,81,81,119,73,81,0,119,0,119,119,119,81,81,0,81,81,81,81,81,81,81,81,81,81,81,81,81,81,81,0,81,81,81,81,81,81,81,81,81,73,81,70,81,71,81,81,81,81,81,81,122,122,195,173,268,166,570,496,1017,858,2198,5826,12676,11283,10988,11508,11935,10261,10239,10214,10258,10265,11197,10813,29975,9002,12756,12756,29974,29975,29985,29986]} 1. e4 e5 2. Nf3 Nc6 3. Nc3 Nf6 4. d4 exd4 5. Nxd4 Bb4 6. Nxc6 bxc6 7. Bd3 d5 8. exd5 cxd5 9. O-O O-O 10. Bg5 c6 11. Qf3 Bd6 12. Rae1 {12.h3 is the modern continuation.} Rb8 {C47: Scotch Four Knights and Four Knights with 4 g3.} 13. Bxf6 Qxf6 14. Qxf6 gxf6 {The position is equal.} 15. Nd1 Bd7 16. b3 Rfe8 {[#]} 17. Ne3 $146 ({Predecessor:} 17. Rxe8+ Rxe8 18. Ne3 Bc5 19. Nf5 Re5 20. Ng3 Kg7 21. h3 h5 22. Rd1 Rg5 23. Kf1 {½-½ (64) Walkewitz,H (2225)-Duemmke,J (2050) Bad Bevensen 2001}) 17... Bc5 18. Nf5 Bxf5 (18... Re5 {seems wilder.} 19. Nh4 Rh5 20. Nf3 Kg7 21. c3 Bd6) 19. Bxf5 Bb4 20. Rxe8+ Rxe8 $14 {[%mdl 4096] Endgame KRB-KRB} 21. Rd1 Re5 22. Bd3 Re1+ 23. Rxe1 Bxe1 $16 {KB-KB} 24. Ba6 c5 25. Kf1 Ba5 26. g3 Kf8 27. Bb7 d4 28. Bd5 Ke7 29. Ke2 h6 30. Kd3 Be1 31. Ke2 Ba5 $1 32. Bc4 Bb4 33. Kf3 Be1 34. Ke2 Bb4 $1 35. Kd3 Be1 36. f3 Bf2 37. Ke4 Bg1 38. h3 Bf2 39. g4 Be1 40. Kd5 Bb4 41. Kc6 a5 42. Kb5 Kd6 43. Bxf7 Ke5 44. Kc6 Kf4 45. Bd5 Ke5 46. Be4 Ba3 47. Kb5 Bb4 48. Bb7 Kd6 49. Ka4 Bc3 50. Kb5 Bb4 $1 51. Be4 (51. f4 $16) 51... Bc3 (51... Ke5 $1 $11 {remains equal.}) 52. Kb6 Bb4 53. Kb7 Ke5 54. Kc6 Ba3 $1 55. Kd7 Bb4 56. Ke8 Ba3 57. Kf7 Bb4 58. Bb7 Bd2 59. Kg6 Bc1 60. Be4 Bf4 61. Bd3 Be3 62. Be4 Bf4 $1 63. h4 {White now steadily converts the win.} Be3 64. Kg7 Bd2 65. Kf7 Be1 66. h5 Bd2 67. Bc6 Bc1 68. Ke7 Bd2 69. Kd7 Bc1 70. Be4 Bd2 71. Kc6 Bb4 72. Kb5 Kd6 73. f4 Bd2 (73... Ke6 $16 {is a better defense.} 74. Kc6 Ba3) 74. a4 $18 Bc3 (74... d3 $142 75. Bxd3 (75. cxd3 Bc3 $18) 75... Bc3) 75. Bd3 Bb4 $2 {[#]} (75... Bd2 76. Be4 d3 77. Bxd3 (77. cxd3 Ke6 $16) 77... Kd5) 76. g5 $1 {[%cal Rg5h6][%mdl 512]} fxg5 (76... Ke7 $142 77. gxh6 Kf7 78. Bc4+ Kf8) 77. fxg5 Ke7 78. gxh6 Kf8 79. h7 Kg7 {[#]} 80. h6+ $1 Kh8 (80... Kxh6 81. h8=Q+) 81. Kb6 Bc3 82. Kxc5 Bb2 83. Kc4 Bc3 84. Kd5 Bb2 {[#]} 85. Kc5 (85. b4 $142 $1 Bc3 (85... axb4 86. a5) 86. b5 Bb4 87. b6 Be1 88. b7 Bg3 89. Kxd4 Be5+ 90. Kd5) 85... Bc3 86. Kc4 Bb2 87. b4 axb4 88. a5 {Accuracy: White = 89%, Black = 67%.} 1-0

[Event "Silkway Cup"]
[Site "T#646345FIDE"]
[Date "2020.05.26"]
[Round "6"]
[White "Luka oboladze"]
[Black "MammadyarovaZ"]
[Result "0-1"]
[WhiteElo "2313"]
[BlackElo "2030"]
[PlyCount "50"]
[EventDate "2020.05.26"]
[EventType "swiss (blitz)"]

1. d4 {[%emt 0:00:01]} d5 {[%emt 0:00:03]} 2. c4 {[%emt 0:00:01]} dxc4 {[%emt 0:00:07]} 3. Nf3 {[%emt 0:00:01]} Nf6 {[%emt 0:00:05]} 4. e3 {[%emt 0:00:02]} a6 {[%emt 0:00:02]} 5. Bxc4 {[%emt 0:00:02]} e6 {[%emt 0:00:01]} 6. O-O {[%emt 0:00:03]} b5 {[%emt 0:00:01]} 7. Bd3 {[%emt 0:00:02]} Bb7 {[%emt 0:00:01]} 8. b3 {[%emt 0:00:01]} Be7 {[%emt 0:00:12]} 9. Bb2 {[%emt 0:00:02]} O-O {[%emt 0:00:02]} 10. Nbd2 {[%emt 0:00:01]} c5 {[%emt 0:00:03]} 11. Qe2 {[%emt 0:00:01]} cxd4 {[%emt 0:00:07]} 12. Nxd4 {[%emt 0:00:02]} Nbd7 {[%emt 0:00:06]} 13. Rac1 {[%emt 0:00:06]} Nc5 {[%emt 0:00:14]} 14. Bb1 {[%emt 0:00:03]} Qd5 {[%emt 0:00:02]} 15. N2f3 {[%emt 0:00:14]} Rfd8 {[%emt 0:00:04]} 16. Rfd1 {[%emt 0:00:09]} Qh5 {[%emt 0:00:02]} 17. b4 {[%emt 0:00:03]} Na4 {[%emt 0:00:14]} 18. Rc7 {[%emt 0:00:25]} Bxf3 {[%emt 0:00:03]} 19. Nxf3 {[%emt 0:00:15]} Rxd1+ {[%emt 0:00:03]} 20. Qxd1 {[%emt 0:00:01]} Nxb2 {[%emt 0:00:01]} 21. Qc2 {[%emt 0:00:04]} Bd6 {[%emt 0:00:16]} 22. Qc6 {[%emt 0:00:14]} Qd5 {[%emt 0:00:12]} 23. Rc8+ {[%emt 0:00:26]} Rxc8 {[%emt 0:00:04]} 24. Qxc8+ {[%emt 0:00:00]} Bf8 {[%emt 0:00:01]} 25. Nd4 {[%emt 0:00:00]} e5 {[%emt 0:00:08] Luka oboladze resigns (Lag: Av=0.53s, max=0.9s)} 0-1

[Event "Silkway Cup"]
[Site "T#646345FIDE"]
[Date "2020.05.26"]
[Round "6"]
[White "Maghala77"]
[Black "T-sanikidze"]
[Result "1-0"]
[WhiteElo "2215"]
[BlackElo "2800"]
[Annotator "NA"]
[PlyCount "77"]
[EventDate "2020.05.26"]
[EventType "swiss (blitz)"]

1. Nf3 {[%emt 0:00:03]} Nf6 {[%emt 0:00:02]} 2. g3 {[%emt 0:00:01]} g6 {[%emt 0:00:02]} 3. c4 {[%emt 0:00:01]} Bg7 {[%emt 0:00:00]} 4. Bg2 {[%emt 0:00:01]} O-O {[%emt 0:00:00]} 5. O-O {[%emt 0:00:01]} c6 {[%emt 0:00:00]} 6. d4 {[%emt 0:00:01]} d5 {[%emt 0:00:00]} 7. cxd5 {[%emt 0:00:00]} cxd5 {[%emt 0:00:01]} 8. Ne5 {[%emt 0:00:01]} Qb6 {[%emt 0:00:01]} 9. Nc3 {[%emt 0:00:02]} Nc6 {[%emt 0:00:01]} 10. Nxc6 {[%emt 0:00:02]} bxc6 {[%emt 0:00:00]} 11. Na4 {[%emt 0:00:09]} Qb5 {[%emt 0:00:06]} 12. Nc3 {[%emt 0:00:09]} Qb6 {[%emt 0:00:02]} 13. Na4 {[%emt 0:00:03]} Qb5 {[%emt 0:00:00]} 14. b3 {[%emt 0:00:17]} Nd7 {[%emt 0:01:01]} 15. Ba3 {[%emt 0:00:05]} Re8 {[%emt 0:00:01]} 16. Rc1 {[%emt 0:00:01]} e5 {[%emt 0:00:04]} 17. dxe5 {[%emt 0:00:18]} Nxe5 {[%emt 0:00:01]} 18. Bb2 {[%emt 0:00:12]} Bg4 {[%emt 0:00:08]} 19. Re1 {[%emt 0:00:05]} Rad8 {[%emt 0:00:32]} 20. Bd4 {[%emt 0:00:16]} Qb7 {[%emt 0:00:07]} 21. Qd2 {[%emt 0:00:10]} f6 {[%emt 0:00:19]} 22. Qa5 {[%emt 0:00:10]} Ra8 {[%emt 0:00:05]} 23. Qc3 {[%emt 0:00:09]} Rac8 {[%emt 0:00:05]} 24. Qa5 {[%emt 0:00:11]} Ra8 {[%emt 0:00:02]} 25. Nc5 {[%emt 0:00:10]} Qc8 {[%emt 0:00:13]} 26. Na6 {[%emt 0:00:07]} Qd7 {[%emt 0:00:19]} 27. Nc7 {[%emt 0:00:12]} Qd8 {[%emt 0:00:01]} 28. Bxe5 {[%emt 0:00:04]} Rxe5 {[%emt 0:00:02]} 29. Rxc6 {[%emt 0:00:01]} d4 {[%emt 0:00:11]} 30. Qa6 {[%emt 0:00:25]} Rc8 {[%emt 0:00:01]} 31. Nb5 {[%emt 0:00:21]} Rxc6 {[%emt 0:00:08]} 32. Qxc6 {[%emt 0:00:01]} Bxe2 {[%emt 0:00:01]} 33. Rxe2 {[%emt 0:00:04]} Rxe2 {[%emt 0:00:25]} 34. Qc4+ {[%emt 0:00:01]} Kf8 {[%emt 0:00:02]} 35. Qxe2 {[%emt 0:00:01]} d3 {[%emt 0:00:05]} 36. Qd2 {[%emt 0:00:01]} f5 {[%emt 0:00:00]} 37. Bf1 {[%emt 0:00:01]} Qb6 {[%emt 0:00:02]} 38. Qxd3 {[%emt 0:00:01]} a6 {[%emt 0:00:01]} 39. Qd6+ {[%emt 0:00:01] T-sanikidze resigns (Lag: Av=0.48s, max=1.3s)} 1-0